Early modern Virginia : reconsidering the Old Dominion /

Bibliographic Details
Other Authors: Coombs, John C., 1966-, Bradburn, Douglas, 1972-
Format: eBook
Language:English
Published: Charlottesville : University of Virginia Press, [2011]
Series:Early American histories.
Subjects:
Online Access:Connect to the full text of this electronic book

MARC

Tag First Indicator Second Indicator Subfields
LEADER 00000cam a22000004a 4500
001 in00003380713
005 20190405190731.0
006 m d
007 cr |||||||nn|n
008 110225s2011 vau o d eng d
010 |z  2011007984 
020 |a 9780813931708 
020 |a 0813931703 
020 |z 9780813931494 (cloth : alk. paper) 
020 |z 0813931495 (cloth : alk. paper) 
035 |a (MdBmJHUP)muse9780813931708 
040 |a MdBmJHUP  |c MdBmJHUP  |d UtOrBLW 
043 |a n-us-va 
050 0 0 |a F229  |b .E19 2011 
082 0 0 |a 975.5/02  |2 22 
245 0 0 |a Early modern Virginia :  |b reconsidering the Old Dominion /  |c edited by Douglas Bradburn and John C. Coombs. 
264 1 |a Charlottesville :  |b University of Virginia Press,  |c [2011] 
264 4 |c ©2011 
300 |a 1 online resource (ix, 350 pages :) :  |b maps 
336 |a text  |b txt  |2 rdacontent 
337 |a computer  |b c  |2 rdamedia 
338 |a online resource  |b cr  |2 rdacarrier 
490 1 |a Early American histories 
504 |a Includes bibliographical references and index. 
588 |a Description based on print version record. 
500 |a Electronic resource. 
651 0 |a Virginia  |x Economic conditions  |y 17th century. 
651 0 |a Virginia  |x Social conditions  |y 17th century. 
651 0 |a Virginia  |x History  |y 17th century. 
655 7 |a Electronic books.  |2 local 
700 1 |a Coombs, John C.,  |d 1966- 
700 1 |a Bradburn, Douglas,  |d 1972- 
856 4 0 |u http://proxy.library.tamu.edu/login?url=http://muse.jhu.edu/books/9780813931708/  |z Connect to the full text of this electronic book  |t 0 
830 0 |a Early American histories. 
999 |a MARS 
999 f f |s 61e98293-fc5e-34a9-8f6e-e286f156f4ee  |i 32e78112-daa5-31ab-a6e1-80921d372177  |t 0 
952 f f |a Texas A&M University  |b College Station  |c Electronic Resources  |d Available Online  |t 0  |e F229 .E19 2011  |h Library of Congress classification 
998 f f |a F229 .E19 2011  |t 0  |l Available Online